| 000 | 00455nam a2200169Ia 4500 | ||
|---|---|---|---|
| 003 | GCL | ||
| 008 | 140319s9999 xx 000 0 eng d | ||
| 040 |
_aGCL / _cGCL |
||
| 082 | 0 | 4 |
_a146.5 _bA C |
| 100 | 1 | _aARMSTRONG, D. M. | |
| 245 | 1 | 0 |
_aA COMBINATIONRAL THEORY OF POSSIBILITY / _cARMSTRONG, D. M. |
| 260 |
_a[S.N] : _bCAMBRIBGE UNIVERSITY PRESS ، _c1989 |
||
| 300 | _a156 P | ||
| 650 | 0 | 4 | _aLOGIC |
| 650 | 0 | 4 | _aPHILOSOPHY - THEORY |
| 942 |
_2ddc _cBK |
||
| 999 |
_c21312 _d21312 |
||